000 00344nam a2200133 i 4500
001 bg
245 0 _aPrzewodnik do ćwiczeń laboratoryjnych z silników /
_cred. nauk. Jan Lewicki.
260 _aSzczecin,
_c1989.
700 1 _aLewicki, Jan.
_eRed.
040 _cBPK
041 _apol
942 _cKS
008 s pl f |000 0 pol
999 _c4044
_d4044
856 _uhttp://koha.tu.koszalin.pl/cgi-bin/koha/opac-detail.pl?biblionumber=4044
_yKatalog online BPK